Kỹ thuật an toàn và vệ sinh lao động trong xây dựng

Cuống sách này được soạn dùng làm giáo trình giảng dạy môn bảo hộ lao động cho sinh viên ngành xây dựng cơ bản, sách cũng có thể dùng làm tài liệu tham khảo phục vụ rộng rãi đối với những doanh nghiệp hoạt động trong lĩnh vực xây dựng, vớ...

全面介绍

Đã lưu trong:
书目详细资料
主要作者: Nguyễn Bá Dũng
其他作者: Nguyễn Đình Thám, Lê Văn Tin
格式: 图书
语言:Vietnamese
出版: H. Khoa học và Kỹ thuật 2002
主题:
标签: 添加标签
没有标签, 成为第一个标记此记录!
Thư viện lưu trữ: Thư viện Trường Đại học Nam Cần Thơ
LEADER 01691aam a22002418a 4500
001 NCT_25318
008 090916s2009 ||||||viesd
999 |c 1206  |d 1206 
020 |c 29000 
082 0 4 |2 23rd ed.  |a 690.22  |b D513 
100 1 |a Nguyễn Bá Dũng 
245 1 0 |a Kỹ thuật an toàn và vệ sinh lao động trong xây dựng  |c Nguyễn Bá Dũng, Nguyễn Đình Thám, Lê Văn Tin 
260 |a H.  |b Khoa học và Kỹ thuật  |c 2002 
300 |a 210 tr.  |c 27 cm 
520 3 |a Cuống sách này được soạn dùng làm giáo trình giảng dạy môn bảo hộ lao động cho sinh viên ngành xây dựng cơ bản, sách cũng có thể dùng làm tài liệu tham khảo phục vụ rộng rãi đối với những doanh nghiệp hoạt động trong lĩnh vực xây dựng, với nhứng ai quan tâm đến bảo hộ lao động nói chung và bảo hộ trong lao động nói riêng 
653 |a Kỹ thuật công trình xây dựng 
700 1 |a Nguyễn Đình Thám 
700 1 |a Lê Văn Tin 
942 |2 ddc  |c BK 
952 |0 0  |1 0  |2 ddc  |4 0  |6 690_220000000000000_D513  |7 0  |9 8658  |a 000001  |b 000001  |d 2018-05-23  |o 690.22 D513  |p MD.08304  |r 2018-05-23  |v 29000.00  |w 2018-05-23  |y BK 
952 |0 0  |1 0  |2 ddc  |4 0  |6 690_220000000000000_D513  |7 0  |9 8812  |a 000001  |b 000001  |d 2018-05-23  |l 1  |o 690.22 D513  |p MD.08236  |r 2020-10-26  |s 2020-10-19  |v 29000.00  |w 2018-05-23  |y BK 
952 |0 0  |1 0  |2 ddc  |4 0  |6 690_220000000000000_D513  |7 0  |9 8813  |a 000001  |b 000001  |d 2018-05-23  |o 690.22 D513  |p MD.08237  |r 2018-05-23  |v 29000.00  |w 2018-05-23  |y BK 
980 |a Thư viện Trường Đại học Nam Cần Thơ